000 00517nam a2200181Ia 4500
003 GCL
008 140319s9999 xx 000 0 ara d
040 _aGCL /
_cGCL
082 0 4 _a371.207
_bا ت
100 1 _aاحمد اسماعيل حجى
245 1 0 _aتخطيط التعليم /
_cاحمد اسماعيل حجى
260 _a[S.N] :
_bعالم الكتب الحديث ،
_c1992
300 _a268 ص
490 _a
650 0 4 _aالتعليم
650 0 4 _aالتخطيط التربوى
942 _2ddc
_cBK
999 _c33864
_d33864